[Event "WEM-IMT 2018"]
[Site "Illertissen"]
[Date "2018.08.29"]
[Round "5"]
[White "Pikula, Dejan"]
[Black "Kabisch, Thilo"]
[Result "1/2-1/2"]
[WhiteElo "2466"]
[BlackElo "2314"]
[Annotator "TA"]
[PlyCount "118"]
[EventDate "2018.08.25"]
[EventType "tourn"]
[EventCountry "GER"]
[SourceTitle "playchess.com"]
[Source "ChessBase"]
[SourceQuality "1"]

{[%evp 22,118,-4,-31,9,9,18,12,9,0,27,0,0,0,0,0,13,6,18,12,19,11,27,20,57,18,23,24,34,0,20,0,0,-14,0,0,0,0,0,0,0,-41,0,0,0,0,0,-81,-80,-68,-66,-62,-63,0,0,-345,-337,-372,-368,-470,-466,-649,-641,-513,-680,-669,-662,-668,-644,-669,-705,-655,-601,-592,-587,-792,0,0,0,0,0,0,0,0,0,0,0,0,0,0,0,0,0,0,0,0,0,0,0]} 1. d4 Nf6 2. Nf3 d6 3. Nc3 g6 4. e4 c6 5. Be3 Bg7 6. h3 O-O 7. Qd2 b5 8. Bd3 Bb7 {B08: Pirc-Ufimzew-Verteidigung} (8... Nbd7 9. O-O Qc7 10. Ne2 e5 11. dxe5 Nxe5 12. Nxe5 dxe5 13. a4 Be6 14. axb5 cxb5 15. Qa5 Rfc8 16. Qxc7 Rxc7 17. Nc3 Bc4 {½-½ (92) Saric,I (2666)-Van Wely,L (2667) Wijk aan Zee 2015 CBM 165 [RR]}) 9. O-O Nbd7 10. a4 b4 11. Ne2 c5 12. Ng3 {LiveBook: 4 Partien} Qc7 13. c3 c4 14. Bb1 b3 15. Bh6 e5 16. Nh4 $146 ({Vorgänger:} 16. Bxg7 Kxg7 17. Qg5 Kh8 {0-1 (59) Amato,G (1934)-Player,E (2217) Southend 2015}) 16... Bxh6 17. Qxh6 Kh8 18. a5 Ba6 {...exd4 ist eine echte Drohung.} (18... exd4 {feels hotter.} 19. cxd4 c3 20. Bd3 cxb2 21. Rab1 Qxa5 22. Rxb2 Qc3) 19. Nf3 Ng8 20. Qd2 Bb5 21. Nh2 a6 22. f4 {[%cal Bf2f4,Bf4f5][%mdl 32]} f6 23. Nf3 Rae8 24. f5 g5 25. h4 h6 26. Re1 Re7 27. Kf2 Nb8 28. Nf1 {[%cal Bg3f1,Bf1e3,Be3d5][%mdl 32]} Rh7 29. Ne3 Nc6 30. Nd5 Qd8 31. Rh1 Rff7 32. Ne3 Rd7 33. Qd1 Nxa5 34. hxg5 (34. g3 $11) 34... hxg5 $17 35. Rxh7+ Kxh7 36. Qh1+ Kg7 $1 37. Qh5 (37. Nd5 $15) 37... Nb7 $11 {[%cal Ba5b7,Bb7c5,Bc5e4,Be4g3,Bg3e2,Be2f4][%mdl 32]} 38. Bd3 $2 {[%mdl 8192]} (38. Nh2 $11) 38... cxd3 $19 39. c4 Bc6 40. d5 {[#]} Ba4 $1 41. Rxa4 Nc5 $1 {[%csl LRa4,LRe4]} 42. Rb4 {beabsichtigt Sd2.} Nxe4+ 43. Kg1 Ng3 44. Qg4 Ne2+ 45. Kf2 Nf4 46. Rxb3 Nh6 47. Qg3 Qa5 48. Rb8 Qc5 $2 (48... Rf7 $19 49. Rb3 e4 50. Nxg5 Qd2+ 51. Kf1 fxg5) 49. Nxg5 $1 $11 {Weiss droht Se6+ und Matt.Die Stellung ist ausgeglichen.} fxg5 50. Qxg5+ Kh7 {[#]} 51. Rh8+ $3 {[%mdl 512]} Kxh8 52. Qxh6+ Kg8 53. Qg5+ $1 Kf7 54. Qh6 $1 d2 55. Qh7+ Kf8 56. Qh8+ Kf7 57. Qh7+ Kf6 58. Qh6+ Ke7 59. Qh4+ Kf7 {Precision: Weiß = 47%, Schwarz = 60%.} 1/2-1/2

[Event "WEM-IMT 2018"]
[Site "Illertissen"]
[Date "2018.08.29"]
[Round "5"]
[White "Krassowizkij, Jaroslaw"]
[Black "Baburin, Alexander"]
[Result "1-0"]
[WhiteElo "2439"]
[BlackElo "2458"]
[Annotator "TA"]
[PlyCount "37"]
[EventDate "2018.08.25"]
[EventType "tourn"]
[EventCountry "GER"]
[SourceTitle "playchess.com"]
[Source "ChessBase"]
[SourceQuality "1"]

{[%evp 15,37,-12,-2,-4,-6,-11,-14,-21,-18,-50,-52,-69,512,477,557,537,830,829,816,815,808,801,29989,29990]} 1. c4 Nf6 2. Nf3 e6 3. g3 d5 4. Bg2 dxc4 5. Na3 Bxa3 6. bxa3 O-O 7. Bb2 {A13: English Opening: 1...e6} Nbd7 (7... Nc6 8. Rc1 Re8 9. Rxc4 e5 10. Qa1 Be6 11. Rh4 Bd5 12. d3 Nd7 13. O-O f6 14. Rc1 Qe7 15. Bh3 Be6 16. Bg2 Bd5 17. Bh3 Be6 18. Bg2 {½-½ (18) Iturrizaga Bonelli,E (2652)-Viterbo Ferreira,J (2522) Maia 2018}) 8. Rc1 {[%cal Ba1c1,Bc1c4,Bc4h4][%mdl 32]} c5 {LiveBook: 3 Games} 9. Rxc4 {The position is equal.} b5 10. Rh4 Bb7 11. Qc2 h6 12. g4 $146 {[%cal Bg3g4,Bg4g5][%mdl 32] [#]} ({Predecessor:} 12. O-O Rc8 13. a4 b4 14. d3 {½-½ (55) Cebalo,M (2478)-Sveshnikov,V (2412) Livigno 2011}) 12... e5 $1 {[%mdl 512]} 13. Rg1 {Strongly threatening g5.} (13. Bxe5 Nxe5) 13... e4 $2 {[%mdl 8192]} (13... Be4 $15 {keeps the upper hand.} 14. d3 Bxf3 15. Bxf3 Ne4 $1 {[%mdl 512]}) 14. g5 $1 $18 exf3 15. Bxf3 Bxf3 16. gxf6 Nxf6 17. Rxh6 {White wants to mate with Rxg7+!} Re8 {[#]} 18. Rxg7+ $1 {[%mdl 512]} Kf8 (18... Kxg7 19. Qh7+) 19. Qxc5+ (19. Bxf6 {leads to mate.} Rxe2+ 20. Kf1 {[#]} Re1+ $1 {[%mdl 512]} 21. Kxe1 Qe8+ 22. Be7+ Qxe7+ 23. Re6 Qxe6+ 24. Kf1 Qe2+ 25. Kg1 Qe1#) 1-0

[Event "WEM-IMT 2018"]
[Site "Illertissen"]
[Date "2018.08.29"]
[Round "5"]
[White "Kvetny, Mark"]
[Black "Ochsner, Bjorn Moller"]
[Result "1-0"]
[WhiteElo "2421"]
[BlackElo "2462"]
[Annotator "TA"]
[PlyCount "95"]
[EventDate "2018.08.25"]
[EventType "tourn"]
[EventCountry "GER"]
[SourceTitle "playchess.com"]
[Source "ChessBase"]
[SourceQuality "1"]

{[%evp 24,94,14,15,34,32,41,31,58,42,43,24,66,82,157,125,206,211,220,217,207,208,411,399,525,458,487,482,449,473,474,456,477,459,462,460,466,450,560,581,787,721,797,831,808,796,721,659,654,646,558,643,658,637,629,622,528,530,672,638,629,620,673,620,1354,1247,1335,1198,6023,6003,5039,5114,29999]} 1. Nf3 Nf6 2. c4 g6 3. Nc3 Bg7 4. e4 d6 5. d4 O-O 6. Be2 e5 7. O-O Nc6 8. d5 Ne7 9. Bg5 h6 10. Bxf6 Bxf6 11. b4 Bg7 12. c5 {E97: King's Indian: Classical Main Line (6...e5 7 0-0 Nc6): 8 Be3 and 8 d5 Ne7, not 9 Ne1} f5 13. Bd3 {LiveBook: 10 Games} (13. Nd2 fxe4 14. Ndxe4 Nf5 15. Bg4 a5 16. b5 b6 17. c6 h5 18. Bh3 Qh4 19. Re1 Bh6 20. Ng3 Kg7 21. a4 Nd4 22. Bxc8 Raxc8 {1-0 (86) Berkes,F (2653)-Mihok,O (2543) Hungary 2018}) 13... Kh8 14. Rc1 $146 {White is slightly better.} ({Predecessor:} 14. Nd2 c6 15. Nc4 dxc5 16. d6 cxb4 17. dxe7 Qxe7 18. Nb1 Be6 19. Nbd2 Rad8 20. Qc2 Rd4 21. Nb2 f4 {½-½ (21) Piza Cortizo,D (2295)-Bass,L (2485) Valencia 1990}) 14... a6 15. a4 {[%cal Ba2a4,Ba4a5][%mdl 32]} h5 16. a5 Bh6 17. Rc2 c6 18. Bc4 fxe4 (18... Rb8 $142) 19. Nxe4 $16 Bf5 (19... cxd5 $16 20. Bxd5 (20. cxd6 dxe4 21. Nxe5 Bf5 $15) (20. Nxd6 Be6 $14) 20... dxc5) 20. Nxd6 $18 ({Worse is} 20. cxd6 Bxe4 21. dxe7 Qxe7 $17) 20... cxd5 21. Nxe5 Bxc2 22. Qxc2 Kh7 $2 {[#]} (22... Qc7) 23. Bxd5 $1 {[%mdl 512]} Bg7 (23... Nxd5 24. Qxg6+) 24. Re1 Bxe5 25. Rxe5 Nxd5 26. Rxh5+ ({Not} 26. Rxd5 Kg7 $18) 26... Kg7 27. Rxd5 Qf6 28. g3 Rad8 29. Qe2 Kg8 30. Kg2 Rd7 31. Re5 Rh7 32. h4 Kh8 33. Re6 Qg7 34. Ne8 Qd4 35. f4 Rd7 36. Rxg6 Qd2 37. Re6 Qxe2+ 38. Rxe2 {[%mdl 4096] Endgame KRR-KRN} Rd4 39. Nd6 Rxb4 40. Re7 Rb2+ 41. Kh3 Rc2 42. Nf7+ Kg8 43. Ne5 Rc8 44. h5 {[%cal Bh4h5,Bh5h6][%mdl 32]} Rc1 45. Kg4 R8xc5 46. h6 {[#] White threatens h7+ and mate.} Rh1 47. Rg7+ Kh8 48. Nf7# {Precision: White = 93%, Black = 28%.} 1-0

[Event "WEM-IMT 2018"]
[Site "Illertissen"]
[Date "2018.08.29"]
[Round "5"]
[White "Sinz, Bernhard"]
[Black "Fischer, Sebastian"]
[Result "1/2-1/2"]
[WhiteElo "2377"]
[BlackElo "2292"]
[Annotator "TA"]
[PlyCount "98"]
[EventDate "2018.08.25"]
[EventType "tourn"]
[EventCountry "GER"]
[SourceTitle "playchess.com"]
[Source "ChessBase"]
[SourceQuality "1"]

{[%evp 18,98,47,10,6,-21,35,0,24,-22,32,39,37,40,46,34,43,44,45,44,58,58,58,55,55,54,54,33,35,19,37,31,33,38,50,15,36,26,35,6,30,16,13,14,29,29,34,33,36,32,32,32,39,34,34,27,21,0,21,24,14,8,38,27,41,12,23,9,32,33,47,19,31,0,0,0,0,0,0,0,0,0,0]} 1. e4 d5 2. exd5 Qxd5 3. Nc3 Qa5 4. d4 Nf6 5. Bc4 Bg4 6. Nge2 Nc6 7. Bd2 {B01: Scandinavian Defence} (7. O-O O-O-O 8. Be3 e5 9. d5 Nb4 10. Bg5 c6 11. a3 Nbxd5 12. Nxd5 cxd5 13. Bb3 h6 14. Bxf6 gxf6 15. Qe1 Qxe1 16. Rfxe1 {1-0 (49) Harikrishna,P (2744)-Ivanchuk,V (2726) Huaian 2017}) 7... O-O-O 8. f3 Be6 9. Bxe6+ fxe6 10. Ne4 {LiveBook: 3 Games} Qf5 11. N4g3 Qg6 $146 ({Black should try} 11... Qd5 $11) ({Predecessor:} 11... Qd5 12. Bc3 e5 13. dxe5 Qc5 14. Qc1 Nd5 {0-1 (24) Vehi Bach,V (2318)-Munoz Pantoja,M (2451) Linares 2016}) 12. Nf4 Qf7 13. Qe2 Rxd4 (13... Nxd4 $11 14. Qc4 b5) 14. Qxe6+ $14 Qxe6+ 15. Nxe6 Rd6 16. Ng5 h6 17. N5e4 Nxe4 18. Nxe4 Rg6 19. O-O e5 20. Rad1 Nd4 21. c3 Nf5 22. Rf2 Be7 23. Bc1 Rd8 24. Rxd8+ Bxd8 25. Re2 Rc6 26. b3 Kd7 27. Bb2 b5 28. Nd2 Bg5 29. c4 {[%cal Bc3c4,Bc4b5][%mdl 32]} Be3+ 30. Kf1 Bd4 31. cxb5 Rc2 32. Nc4 Rxe2 33. Kxe2 {Hoping for g4.} Bxb2 34. Nxb2 {[%mdl 4096] Endgame KN-KN} Nd4+ 35. Kd3 Nxb5 36. Kc4 Kc6 37. Kd3 Kd5 38. Nd1 Nd6 39. b4 c6 40. Nc3+ Ke6 41. a4 Nf5 42. Nd1 Ne7 43. Kc4 Kd6 44. Nc3 Nd5 45. Nxd5 (45. Ne4+ {looks sharper.} Kd7 46. g3 Nb6+ 47. Kb3 Nd5 48. Nd2) 45... cxd5+ {The position is equal.} 46. Kd3 g5 47. g3 h5 {aiming for ...g4.} 48. h4 gxh4 49. gxh4 Ke6 {Precision: White = 37%, Black = 42%.} 1/2-1/2

[Event "WEM-IMT 2018"]
[Site "Illertissen"]
[Date "2018.08.29"]
[Round "5"]
[White "Hirneise, Jens"]
[Black "Haba, Petr"]
[Result "0-1"]
[WhiteElo "2344"]
[BlackElo "2436"]
[Annotator "TA"]
[PlyCount "96"]
[EventDate "2018.08.25"]
[EventType "tourn"]
[EventCountry "GER"]
[SourceTitle "playchess.com"]
[Source "ChessBase"]
[SourceQuality "1"]

{[%evp 25,96,0,22,-8,0,-20,-8,-20,0,0,0,-10,-2,-8,0,-19,-35,-29,-39,-33,-31,-37,-29,-17,0,-8,0,-19,-20,-50,-50,-42,-29,-20,-23,-43,0,-86,-64,-291,-306,-473,-471,-488,-474,-475,-446,-568,-556,-479,-375,-335,-348,-322,-179,-1174,-1127,-1186,-1179,-1077,-751,-734,-732,-29976,-29975,-29969,-29971,-6107,-1517,-29974,-29975,-29987,-29988]} 1. e4 e6 2. d4 d5 3. Nc3 Bb4 4. e5 c5 5. a3 Bxc3+ 6. bxc3 Qc7 7. Nf3 b6 8. Bb5+ Bd7 9. Bd3 Ba4 10. O-O Ne7 11. h4 h6 12. h5 Nd7 13. Bf4 {C18: French: 3 Nc3 Bb4: Main line: 7 h4 and 7 Qg4} a6 {LiveBook: 3 Games} (13... O-O-O 14. Re1 Kb7 15. Ra2 Rc8 16. Nd2 c4 17. Be2 Qd8 18. Bg4 Qg8 19. Nf1 {1-0 (38) Inarkiev,E (2695)-L'Ami,E (2611) Plovdiv 2012}) 14. Rb1 Bb5 15. Nd2 {The position is equal.} Bxd3 16. cxd3 {[#]} cxd4 $146 ({Predecessor:} 16... Nf5 17. g4 Ne7 18. Bg3 g6 19. hxg6 fxg6 20. Kg2 cxd4 21. cxd4 {1-0 (48) Hirneise,J (2284)-Barsov,A (2511) Bischwiller 2009}) 17. cxd4 O-O 18. Nf3 Rfc8 19. Rc1 Qd8 20. Qd2 Rxc1 21. Rxc1 Rc8 22. g4 Rxc1+ 23. Qxc1 Kh7 24. Kg2 b5 25. Bd2 Qc8 26. Qd1 Nb8 27. Ne1 Nbc6 28. Nc2 a5 29. Qb1 Qa6 30. Qb2 b4 {[%cal Bb5b4,Bb4b3][%mdl 32]} 31. Ne1 (31. axb4 $11 Qxd3 32. Qc3 Qe4+ 33. f3 axb4 34. Nxb4 Qxd4 35. Qxd4 Nxd4 36. Nd3) 31... Qb5 {...b3 is the strong threat.} 32. Kf1 $2 (32. axb4 $15 Nxb4 33. Bc3) 32... b3 $19 33. Ke2 {[#]} (33. Bc1 {was called for.}) 33... Nxd4+ $1 {[%mdl 512]} 34. Kd1 (34. Qxd4 b2) 34... Ndc6 35. f4 d4 36. Ke2 Nd5 37. Nf3 {[#]} Nc3+ $1 {[%mdl 512]} 38. Bxc3 dxc3 39. Qxc3 Qd5 (39... b2 $142 40. Nd2 Qb6) 40. a4 $2 {[#]} (40. Ke3) 40... Nd4+ $1 {[%mdl 512]} 41. Nxd4 {[#]} (41. Qxd4 Qxd4) 41... b2 $1 {[%mdl 512]} 42. Qe1 (42. Qxb2 Qg2+) 42... Qxd4 {[%mdl 4096] Endgame KQ-KQ} 43. Qb1 Qxf4 44. Kd1 Qxa4+ 45. Kd2 Qxg4 46. d4+ Kg8 47. Kc3 Qf3+ 48. Kc4 Qa3 {Precision: White = 30%, Black = 60%.} 0-1

[Event "WEM-IMT 2018"]
[Site "Illertissen"]
[Date "2018.08.30"]
[Round "6"]
[White "Baburin, Alexander"]
[Black "Ochsner, Bjorn Moller"]
[Result "1/2-1/2"]
[WhiteElo "2458"]
[BlackElo "2462"]
[Annotator "TA"]
[PlyCount "73"]
[EventDate "2018.08.25"]
[EventType "tourn"]
[EventCountry "GER"]
[SourceTitle "playchess.com"]
[Source "ChessBase"]
[SourceQuality "1"]

{[%evp 17,73,0,0,-17,-14,-13,0,0,-18,0,0,0,0,-14,0,0,0,0,-6,-45,-20,-54,-46,-54,-45,-49,-20,0,0,0,0,0,0,-2,22,31,160,113,103,116,135,81,104,91,42,0,0,0,0,2,3,0,0,0,9,0,23,0]} 1. d4 d5 2. c4 e6 3. Nc3 Bb4 4. a3 Bxc3+ 5. bxc3 {[%cal Bb2c3,Bc3c4][%mdl 32]} Nf6 6. e3 c6 {E40: Nimzo-Indian: Rubinstein (4 e3): Unusual Black 4th moves} (6... O-O 7. Bd3 c6 8. Ne2 b6 9. O-O Ba6 10. cxd5 cxd5 11. Bxa6 Nxa6 12. Qd3 Qc8 13. f3 Nb8 14. e4 Qa6 15. Qe3 Nc6 {1-0 (52) Radjabov,T (2741)-Movsesian,S (2671) Heraklio 2017}) 7. cxd5 cxd5 8. c4 O-O 9. Nf3 b6 {LiveBook: 4 Games} 10. Bd3 Ba6 11. cxd5 Bxd3 12. Qxd3 Qxd5 13. O-O Nc6 {[%cal Bb8c6,Bc6a5,Ba5b3][%mdl 32] [#]} 14. Bb2 $146 ({Predecessor:} 14. Re1) 14... Ne4 15. Rfc1 Na5 {[#] ...Nb3 is the strong threat.} 16. Rc2 Nb3 17. Rd1 Rac8 18. Ne5 Nd6 19. a4 Rxc2 20. Qxc2 Rc8 21. Qb1 Na5 22. Ba3 Ndc4 23. Rc1 f6 24. Nd3 Qd7 25. Qb5 Rc7 26. Bb4 Kf7 ({Better is} 26... Rc6 $14) 27. Qh5+ Kg8 {[#]} 28. Bxa5 $1 g6 29. Qf3 (29. Qh3 $142 {Strongly threatening Be1.} bxa5 30. Nc5) 29... Nxa5 $16 30. Rxc7 Qxc7 31. Qxf6 {Hoping for h3.} Qc3 $1 {[%cal Rc3a1]} 32. Qxe6+ Kg7 33. Qe7+ Kg8 $1 34. Qe8+ Kg7 35. Qe7+ Kg8 $1 36. Qe8+ Kg7 {( -> ...Qa1+)} 37. Qe7+ {Precision: White = 65%, Black = 71%.} 1/2-1/2

[Event "WEM-IMT 2018"]
[Site "Illertissen"]
[Date "2018.08.30"]
[Round "6"]
[White "Krassowizkij, Jaroslaw"]
[Black "Hirneise, Jens"]
[Result "1-0"]
[WhiteElo "2439"]
[BlackElo "2344"]
[Annotator "TA"]
[PlyCount "133"]
[EventDate "2018.08.25"]
[EventType "tourn"]
[EventCountry "GER"]
[SourceTitle "playchess.com"]
[Source "ChessBase"]
[SourceQuality "1"]

{[%evp 15,133,17,12,10,1,8,9,0,0,-2,4,10,10,9,8,2,8,0,4,-16,-18,-16,0,-14,5,-10,-10,-31,-24,-26,-25,-24,-30,-30,-31,-29,0,-13,7,0,32,-16,45,0,0,0,7,0,0,0,0,0,0,0,0,0,0,0,0,0,0,0,0,0,15,9,9,13,13,15,16,15,15,16,239,205,219,175,210,225,236,222,183,183,183,230,232,230,210,222,198,222,183,185,779,779,777,774,765,737,1531,741,733,719,692,672,732,719,29985,29986,29986,29987,29987,29988,29988,29989,29989,29990,29993,29994]} 1. e4 c5 2. Nf3 d6 3. Bb5+ Bd7 4. Bxd7+ Qxd7 5. c4 e5 6. Nc3 Nc6 7. d3 g6 8. Nd5 Bg7 {LiveBook: 9 Partien. B52: Sizilianisch (Rossolimo-Variante)} 9. Bg5 (9. h4 f5 10. h5 O-O-O 11. Qe2 Rf8 12. Be3 Nge7 13. O-O-O Kb8 14. Kb1 a6 15. a3 gxh5 16. Rxh5 fxe4 17. dxe4 {1-0 (69) Bulski,K (2522)-Jakubowski,K (2520) Czech Republic 2017}) 9... f6 10. Bd2 Nge7 {Die Stellung ist ausgeglichen.} 11. O-O O-O 12. Qa4 $146 ({Vorgänger:} 12. a3 f5 13. b4 h6 14. Rb1 f4 {½-½ (35) Sekanina,J (2139)-Belohlavek,P (2262) Moravia 2002}) 12... Nxd5 13. cxd5 Nb8 14. Qc2 Na6 15. a3 Rfc8 16. Be3 f5 17. Ng5 f4 18. Bd2 h6 19. Ne6 Bf6 20. Qd1 Nc7 21. Qg4 Kf7 {[%cal Rc7e6]} 22. Ng5+ $1 Ke7 23. Qxd7+ $1 Kxd7 24. Nf3 $1 g5 25. h3 Ne8 26. Bc3 Nc7 27. a4 Rg8 28. g4 a6 (28... a5 $11) 29. a5 Nb5 30. Nd2 Bd8 31. Nc4 Bc7 32. Kg2 h5 33. f3 Rh8 34. Be1 Rh7 35. Bf2 Rah8 {Und weiter mit ...hxg4 wäre nett.} 36. gxh5 Rxh5 {Droht stark ...g4.} 37. Rh1 R5h7 38. Rh2 Bd8 39. Rg1 Nd4 (39... Ke7 {keeps more tension.} 40. Rb1 Kf6 41. b4 cxb4 42. Rxb4 Bc7) 40. Bxd4 cxd4 41. Rhh1 Bc7 42. Rc1 Rc8 43. b4 {[%cal Bb2b4,Bb4b5][%mdl 32]} Rch8 44. Rb1 Bd8 $2 (44... Kc8 $11 {und Schwarz ist OK.}) 45. b5 $1 $18 g4 46. fxg4 {bxa6 ist eine echte Drohung.} f3+ 47. Kxf3 Rxh3+ 48. Rxh3 Rxh3+ {[%mdl 4096] Endspiel KTL-KTS} 49. Kg2 $1 Rxd3 50. bxa6 bxa6 51. Rb7+ Bc7 52. g5 {zielt auf g6 ab.} Rc3 {[#]} 53. g6 $1 {[%cal Rg6g7]} Rc2+ ({Aber nicht} 53... Rxc4 $2 54. g7 $18) 54. Kf3 {Schwarz muss nun g7 beachten.} Rc1 $2 (54... Rc3+ 55. Kf2 (55. Kg4 Rc2 $16) 55... Rc2+ 56. Kf3 Rc3+ 57. Kg4 Rc1) 55. Nb6+ Kd8 {[#]} 56. Na8 $1 Rc3+ 57. Ke2 {Droht g7 und aus.} Re3+ 58. Kd1 (58. Kf2 $142 Bxa5 59. g7 Be1+ 60. Kf1) 58... Rd3+ 59. Kc2 Rc3+ 60. Kb2 Bxa5 {Schwarz will ...Tg3 spielen.} 61. g7 {[%cal Rg7g8]} Kc8 62. Rb3 {Weiß setzt Matt.} Rxb3+ 63. Kxb3 Kb7 64. g8=Q d3 65. Qe8 d2 66. Kc2 Bb4 67. Qc6+ {Precision: Weiß = 58%, Schwarz = 52%.} 1-0

[Event "WEM-IMT 2018"]
[Site "Illertissen"]
[Date "2018.08.30"]
[Round "6"]
[White "Haba, Petr"]
[Black "Pikula, Dejan"]
[Result "1-0"]
[WhiteElo "2436"]
[BlackElo "2466"]
[Annotator "TA"]
[PlyCount "95"]
[EventDate "2018.08.25"]
[EventType "tourn"]
[EventCountry "GER"]
[SourceTitle "playchess.com"]
[Source "ChessBase"]
[SourceQuality "1"]

{[%evp 21,95,6,6,3,25,10,52,59,54,22,57,-27,0,-69,-50,-110,-39,-60,0,-16,-16,-37,-48,-36,-39,-54,-30,-23,-24,-37,-23,-20,-16,-13,-4,-9,0,0,0,0,6,5,25,31,37,29,156,160,209,209,209,214,216,216,211,207,323,331,383,355,379,370,370,326,332,261,318,313,520,519,512,461,538,538,534,531]} 1. d4 Nf6 2. c4 e6 3. g3 d5 4. Nf3 Be7 5. Bg2 O-O 6. O-O c6 7. Qc2 b6 8. Nbd2 Nbd7 9. e4 dxc4 10. Nxc4 Bb7 {E09: Closed Catalan: Main Line: 7 Qc2 c6 8 Nbd2} 11. Bg5 b5 {LiveBook: 6 Games} 12. Ncd2 (12. Bxf6 Nxf6 13. Ncd2 Rc8 14. e5 Nd7 15. a4 {½-½ (15) Swiercz,D (2649)-Cori Tello,J (2660) Columbus 2017}) 12... c5 {The position is equal.} 13. Bxf6 $146 ({Predecessor:} 13. e5 Nd5 14. Bxe7 Qxe7 15. Ne4 cxd4 16. Neg5 g6 17. Rfe1 Nb4 18. Qd2 {0-1 (38) Lirindzakis,T (2210)-Fischer,D (1982) Malevizi 2016}) 13... gxf6 14. d5 $1 Qb6 15. Rad1 Rad8 16. Nb3 (16. b3 $14) 16... Rfe8 (16... f5 $5) 17. Qd2 (17. Nc1 $11) 17... Nf8 $15 18. Qh6 ({Better is} 18. Qc1 $15) 18... Ng6 ({Black should play} 18... exd5 $17 {Threatens to win with ...d4.} 19. Nh4 Ng6 20. exd5 (20. Nf5 $2 Bf8 $17) 20... Bf8) 19. Qh5 Bf8 (19... c4 $15 20. Na1 b4) 20. dxe6 fxe6 21. e5 Bxf3 22. Qxf3 f5 23. Qe3 c4 24. Qxb6 $1 axb6 25. Nd4 {[#] Hoping for Bc6.} Nxe5 26. Nxb5 Nd3 27. Bc6 Re7 28. Rd2 Bg7 29. Rb1 Rc8 30. Bg2 Rc5 31. a4 e5 32. b3 Rd7 33. bxc4 {Bd5+ is the strong threat.} Rxc4 (33... e4 $11) 34. Bh3 $16 Bh6 {[#]} 35. Rxd3 $1 {[%mdl 512]} Rxd3 36. Bxf5 Rdd4 37. Nxd4 Rxd4 38. Rxb6 $18 {[%mdl 4096] Endgame KRB-KRB} Bf8 (38... Bd2 {keeps fighting.} 39. Bc2 Kf8) 39. a5 {[%cal Ba4a5,Ba5a6][%mdl 32]} Ra4 40. a6 Bc5 41. Rc6 Bd4 42. Kg2 Kg7 43. Bc2 Ra2 44. f3 h5 $2 (44... e4 {was worth a try.} 45. fxe4 h5) 45. Kh3 {White is clearly winning.} Bg1 46. Kh4 Bxh2 47. Be4 Kf8 48. Rc1 {Precision: White = 64%, Black = 39%.} 1-0

[Event "WEM-IMT 2018"]
[Site "Illertissen"]
[Date "2018.08.30"]
[Round "6"]
[White "Kabisch, Thilo"]
[Black "Sinz, Bernhard"]
[Result "1-0"]
[WhiteElo "2314"]
[BlackElo "2377"]
[Annotator "TA"]
[PlyCount "77"]
[EventDate "2018.08.25"]
[EventType "tourn"]
[EventCountry "GER"]
[SourceTitle "playchess.com"]
[Source "ChessBase"]
[SourceQuality "1"]

{[%evp 23,77,-28,-17,-18,-20,-48,-30,-67,-39,-36,-31,-43,-41,-57,-39,-81,-64,-64,-74,-76,-70,-60,-58,-117,0,0,0,6,95,48,114,110,189,18,157,159,212,-102,522,0,0,0,0,0,0,0,0,0,0,-221,-195,-197,447,-415,29998,29999]} 1. e4 e5 2. Nf3 Nc6 3. Bb5 a6 4. Ba4 Nf6 5. O-O Be7 6. Re1 b5 7. Bb3 O-O 8. a4 b4 9. d4 d6 10. h3 exd4 {C88: Spanische Partie (Geschlossenes System)} 11. Nxd4 Na5 12. Ba2 (12. c3 bxc3 13. Nxc3 c5 14. Nf5 Bxf5 15. exf5 Nxb3 16. Qxb3 d5 17. Qb7 Re8 18. Bg5 {½-½ (53) Safarli,E (2632)-Ragger,M (2659) Antalya 2017}) 12... c5 {LiveBook: 4 Partien. Schwarz hat minimalen Vorteil.} 13. Nf3 Bb7 14. Nbd2 Qc7 15. c4 Rfe8 $146 ({Vorgänger:} 15... Nc6 16. Qc2 Nd7 17. Nf1 Nde5 18. Nxe5 {1-0 (50) Vlasak,J (1921)-Hlavnicka,K (1989) Czechia 2007}) 16. b3 Nd7 17. Bb2 Bf6 18. Bxf6 Nxf6 19. Bb1 {[%cal Ba2b1,Bb1d3,Bd3h7,Bh7e4,Be4g6][%mdl 32]} Re6 20. Bd3 Rae8 21. Qc2 Nd7 22. Ng5 R6e7 23. e5 (23. Ngf3 $15) 23... dxe5 ({Besser ist} 23... h6 $17 24. Bh7+ Kf8 25. Nxf7 Rxf7) 24. Bxh7+ $11 Kf8 25. Be4 f6 (25... Bxe4 $11 {bleibt in der Remisbreite.} 26. Qxe4 Qc6) 26. Nh7+ $16 Kg8 27. Bg6 $1 e4 (27... Rb8 $16 {war angesagt.}) 28. Re3 $2 (28. Nxe4 Nxb3 29. Nexf6+ Nxf6 $11) (28. Bxe8 $18 Rxe8 29. Nxe4 Rxe4 30. Rxe4 Bxe4 31. Qxe4) 28... Nc6 (28... f5 $11 {hält das Gleichgewicht.}) 29. Rae1 (29. Rxe4 $2 Rxe4 30. Nxe4 Nd4 $19) (29. Bxe8 $6 Nd4 $11) 29... Nde5 (29... Nd4 $16 {war nötig.} 30. Qd1 Rb8) 30. Nxe4 $2 (30. Bxe8 $18 Nd4 31. Qd1 Rxe8 32. Nxe4) 30... Rd8 $2 {[%mdl 8192]} (30... Nd4 $17 {hält den Druck.} 31. Nhxf6+ gxf6 32. Nxf6+ Kf8 33. Nxe8 (33. Qb1 $2 Nef3+ 34. gxf3 Nxf3+ 35. Kf1 Nd2+ 36. Kg1 Rxe3 $19) 33... Nxc2 34. Nxc7 Nxe1 35. Rxe1 Nf3+ 36. gxf3 Rxe1+ 37. Kh2 Bxf3) 31. Qb1 $2 ({Lieber} 31. Nhxf6+ $18 gxf6 32. Nxf6+ Kg7 33. Nh5+ Kg8 34. Qf5) 31... Nd4 $36 {[%mdl 2048] Schwarz drückt.} 32. Kh1 Qc6 {Droht stark ...f5.} 33. Rg3 Kh8 34. Nhxf6 gxf6 35. Qc1 {Weiss droht Dh6+ und Matt.} Nxg6 36. Qh6+ $2 (36. Rxg6 $11 {und Weiss ist OK.} Rh7 37. Rh6) 36... Rh7 $19 37. Qxg6 {[#]} Rf8 $4 {[%mdl 8192]} (37... Qe6 $1 $19 {vermeidet das Desaster.} 38. Qxf6+ Qxf6 39. Nxf6 Rg7) 38. Nxf6 $4 {[%mdl 8192] [#]} (38. Ree3 $18 {war der einzige Gewinnzug. Sxf6! ist eine echte Drohung.} Ne2 39. Rxe2) 38... Qc7 $4 {[%mdl 8192] [#]} (38... Qxg2+ $1 $19 {[%mdl 512]} 39. Rxg2 Rxh3+ 40. Kg1 Nf3+ 41. Kf1 Rh1+ 42. Rg1 (42. Ke2 $2 Rxe1+ 43. Kd3 Ne5+ 44. Kd2 Nxg6 $19) 42... Nxg1 43. Qxg1 (43. Re8 $2 Nh3+ 44. Ke2 Nf4+ 45. Ke3 Nxg6 $19) 43... Rxg1+ 44. Kxg1 Rxf6) 39. Qg8+ $1 {[%mdl 512] Precision: Weiß = 44%, Schwarz = 31%.} 1-0